Biện pháp phát triển kỹ năng giao tiếp cho học sinh mắc hội chứng tự kỷ ở các trường Tiểu học trên địa bàn quận Liên Chiểu, TP Đà Nẵng

Cơ sở lý luận về vấn đề phát triển giao tiếp cho học sinh mắc hội chứng tự kỷ. Thực trạng phát triển kỹ năng giao tiếp cho học sinh mắc hội chứng tự kỷ ở các trường Tiểu học trên địa bàn quận Liên Chiểu, TP Đà Nẵng. Biện pháp phát triển kỹ năng giao tiếp cho học sinh mắc hội chứng tự kỷ ở các trường...

Volledige beschrijving

Bewaard in:
Bibliografische gegevens
Hoofdauteur: Bùi, Thị Như Huyền
Andere auteurs: Huỳnh, Thị Thu Hằng TS (Hướng dẫn)
Formaat: Boek
Taal:Vietnamese
Gepubliceerd in: Đại học Đà Nẵng Trường đại học Sư Phạm 2011
Reeks:Khóa luận tốt nghiệp đại học. Chuyên ngành: Sư phạm Giáo dục Đặc biệt
Onderwerpen:
Tags: Voeg label toe
Geen labels, Wees de eerste die dit record labelt!
Thư viện lưu trữ: Mạng thư viện Đại học Đà Nẵng
LEADER 01947nam a2200349 4500
001 000012237
003 8530
005 20120217080252.0
008 120217s2011 viesd
041 |a vie 
072 |a Khóa luận tốt nghiệp 
082 |a 155.45071  |b BU-H 
100 |a Bùi, Thị Như Huyền 
245 |a Biện pháp phát triển kỹ năng giao tiếp cho học sinh mắc hội chứng tự kỷ ở các trường Tiểu học trên địa bàn quận Liên Chiểu, TP Đà Nẵng  |c Bùi, Thị Như Huyền 
260 |a Đại học Đà Nẵng  |b Trường đại học Sư Phạm  |c 2011 
300 |a 67 tr.  |c 29 cm 
490 |a Khóa luận tốt nghiệp đại học. Chuyên ngành: Sư phạm Giáo dục Đặc biệt 
500 |a Tham khảo tr.67 + phụ lục [6 tr. ] 
520 |a Cơ sở lý luận về vấn đề phát triển giao tiếp cho học sinh mắc hội chứng tự kỷ. Thực trạng phát triển kỹ năng giao tiếp cho học sinh mắc hội chứng tự kỷ ở các trường Tiểu học trên địa bàn quận Liên Chiểu, TP Đà Nẵng. Biện pháp phát triển kỹ năng giao tiếp cho học sinh mắc hội chứng tự kỷ ở các trường Tiểu học trên địa bàn quận Liên Chiểu, TP Đà Nẵng 
653 |a Khóa luận tốt nghiệp đại học 
653 |a Khoa Tâm lý - Giáo dục 
700 |a Huỳnh, Thị Thu Hằng  |c TS  |e Hướng dẫn 
OWN |a LSP 
AVA |a UDN50  |b LSP  |d 155.45071 BU-H  |e available  |t Error 5001 Not defined in file expand_doc_bib_avail.  |f 1  |g 0  |h N  |i 0  |k 1 
999 |a From the UDN01 
AVA |a UDN50  |b LSP  |d 155.45071 BU-H  |e available  |t Error 5001 Not defined in file expand_doc_bib_avail.  |f 1  |g 0  |h N  |i 0  |k 1 
TYP |a Monograph 
TYP |a Printed language 
980 |a Mạng thư viện Đại học Đà Nẵng